LEADER 00845nam0-22003011i-450- 001 990006799610403321 005 20001010 035 $a000679961 035 $aFED01000679961 035 $a(Aleph)000679961FED01 035 $a000679961 100 $a20001010d--------km-y0itay50------ba 101 0 $aita 105 $ay-------001yy 200 1 $a<>age of Disraeli$e1868-1881$ethe rise of Tory democracy$fRichard Shannon 210 $aLondon and New York$cLongman$d1994. 215 $aX, 446 p.$d23 cm 225 1 $a<>history of the conservative party$v 676 $a324 700 1$aShannon,$bRichard$0251872 801 0$aIT$bUNINA$gRICA$2UNIMARC 901 $aBK 912 $a990006799610403321 952 $aXIV B 1425$b23465$fFSPBC 959 $aFSPBC 996 $aAge of Disraeli$9633541 997 $aUNINA DB $aGEN01 LEADER 00892nam0-22003131i-450- 001 990001332180403321 010 $a2-85367-004-X 035 $a000133218 035 $aFED01000133218 035 $a(Aleph)000133218FED01 035 $a000133218 100 $a20000920d1985----km-y0itay50------ba 101 0 $aeng 200 1 $aEntre intuition et analyse$ePoincaré et le concept de predicativite$fGerhard Heinzmann. 210 $aParis$cLibrairie Scientifique et Technique$d1985. 215 $a101 p.$d24 cm 610 0 $aLogica matematica$aFondamenti 610 0 $aPoincar, henri 676 $a511.3 700 1$aHeinzmann,$bGerhard$060592 801 0$aIT$bUNINA$gRICA$2UNIMARC 901 $aBK 912 $a990001332180403321 952 $a124-N-45$b13386$fMA1 959 $aMA1 962 $a01AXX 996 $aEntre intuition et analyse$978906 997 $aUNINA DB $aING01